Supply chain management for competitive advantage: (Record no. 16421)

MARC details
000 -LEADER
fixed length control field 01002nam a22002654a 4500
005 - DATE AND TIME OF LATEST TRANSACTION
control field 20080319083112.0
008 - FIXED-LENGTH DATA ELEMENTS--GENERAL INFORMATION
fixed length control field 071026s2008 maua 001 0 eng
010 ## - LCCN (DPL NO)
LC control number ENG-91238
020 ## - INTERNATIONAL STANDARD BOOK NUMBER
International Standard Book Number 9780070221635
Terms of availability 325.00
020 ## - INTERNATIONAL STANDARD BOOK NUMBER
International Standard Book Number 0070221634
035 ## - SYSTEM CONTROL NUMBER
System control number EN-74771
037 ## - SOURCE OF ACQUISITION
Source of stock number/acquisition DBAD / PUB
040 ## - CATALOGING SOURCE
Original cataloging agency dpl
Language of cataloging English
082 ## - DEWEY DECIMAL CLASSIFICATION NUMBER
Classification number 658.7
100 ## - MAIN ENTRY--PERSONAL NAME
Personal name Rangaraj, Narayan
245 ## - TITLE STATEMENT
Title Supply chain management for competitive advantage:
Statement of responsibility, etc by Narayan Rangaraj, G. Raghuram [and] Mandyam M. Srinivasan
Remainder of title concepts & cases /
260 ## - PUBLICATION, DISTRIBUTION, ETC. (IMPRINT)
Place of publication, distribution, etc New Delhi
Name of publisher, distributor, etc Tata McGraw-Hill Publishing
Date of publication, distribution, etc 2009
300 ## - PHYSICAL DESCRIPTION
Extent xiv, 535 p.
Dimensions 24 cm (pbk)
500 ## - GENERAL NOTE
General note Includes index.
650 ## - SUBJECT ADDED ENTRY--TOPICAL TERM
Topical term or geographic name as entry element Business logistics
General subdivision Management.
700 ## - ADDED ENTRY--PERSONAL NAME
Personal name Raghuram, G.
700 ## - ADDED ENTRY--PERSONAL NAME
Personal name Srinivasan, Mandyam M.
942 ## - ADDED ENTRY ELEMENTS (KOHA)
Source of classification or shelving scheme Dewey Decimal Classification
Item type English Books
Classification part 658.7
Call number suffix RAN
Holdings
Withdrawn status Lost status Source of classification or shelving scheme Damaged status Not for loan Collection code Home library Current library Date acquired Source of acquisition Cost, normal purchase price Total Checkouts Full call number Barcode Date last seen Copy number Cost, replacement price Koha item type
    Dewey Decimal Classification   Not For Loan Non-fiction D.B.Act.Division D.B.Act.Division 08/10/2008 DBAD / PUB 325.00   658.7 RAN EN-74771 08/10/2008 1 325.00 English Books

© Delhi Public Library
Hit Counter
free hit counter